Allenatori con più Panchine in Serie A - Statistics

Statistiche generali
  • Questo quiz è stato fatto 155 volte
  • Il punteggio medio è 5 su 10
Statistiche sulle risposte
Presenze Nazione Squadre allenate (presenze) Allenatore % Corretto
689 Italia Milan (36); Juventus (402); Inter (162); Cagliari (21); Fiorentina (68) Giovanni Trapattoni
82%
792 Italia Ascoli (145); Fiorentina (155); Catanzaro (68); Lecce (90); Roma (102); Napoli (4); Bologna (106); Perugia (34); Brescia (102); Livorno (15) Carlo Mazzone
81%
599 Italia Genoa (232); Inter (3); Palermo (22); Atalanta (342) Gian Piero Gasperini
74%
559 Italia Empoli (34); Sampdoria (28); Venezia (17); Udinese (117); Roma (211); Inter (76); Napoli (76) Luciano Spalletti
67%
509 Italia Reggina (114); Sampdoria (76); Napoli (157); Inter (49); Torino (79); Cagliari (32) Walter Mazzarri
57%
644 Svezia Milan (213); Varese (30); Fiorentina (60); Roma (332); Hellas Verona (9) Nils Liedholm
56%
787 Italia Triestina (137); Padova (204); Milan (280); Torino (136); Fiorentina (30) Nereo Rocco
54%
555 Italia Atalanta (10); Vicenza (102); Udinese (186); Bologna (129); Palermo (90); Parma (38) Fracesco Guidolin
48%
639 Italia Salernitana (40); Lucchese (38); Palermo (76); Bologna (179); Milan (306) Giuseppe Viani
6%
581 Italia Roma (35); Fiorentina (187); Lazio (77); Bologna (136); Sampdoria (146) Fulvio Bernardini
3%
Nessun quiz corrispondente trovato
Distribuzione punteggi
Percentuale di utenti per punteggio
Percentile per numero di risposta
I tuoi punteggi nel tempo
Non hai fatto questo quiz